| 000 | 00783nam a22002175i 4500 | ||
|---|---|---|---|
| 001 | 157447 | ||
| 003 | ES-MaACL | ||
| 005 | 20230906210706.0 | ||
| 008 | 040824s1893 fr |||| | fre d | ||
| 040 |
_aCAM _bspa _cCAM |
||
| 080 | _a811(091) | ||
| 100 | 1 |
_aLefèvre, André. _971236 |
|
| 245 | 1 | 4 |
_aLes races et les langues / _cpar André Lefèvre. |
| 260 |
_aParis : _bAncienne Librairie Germer Baillière et Cª : _bFélix Alcan, _c1893 ( _eCoulommiers : _fImp. Paul Brodard) |
||
| 300 |
_a301, [2] p. ; _c22 cm. |
||
| 490 | 1 |
_aBibliothèque scientifique internationale ; _v76 |
|
| 650 | 4 |
_aLenguas- _xHistoria. _9147556 |
|
| 830 | 0 |
_aBibliothèque scientifique internationale ; _v76 _9186949 |
|
| 852 |
_aES-MaACL _jF-14405 _z-- Enc. ed. en tela |
||
| 999 |
_c157447 _d157447 |
||